All 25k+ Mexican cities on a map - Statistics

General Stats
  • This quiz has been taken 11 times
  • The average score is 39 of 447
Answers on the Map
Answers color-coded by a green-red scale on the quiz's map according to % correct below.
 
Answer Stats
City Population % Correct
Mexico City 8,843,706
100%
Cancún 888,797
91%
Guadalajara 1,385,621
91%
Puebla 1,542,232
91%
Tijuana 1,810,645
91%
Chihuahua 925,762
82%
Ciudad Juárez 1,501,551
82%
Monterrey 1,142,952
82%
León 1,579,803
73%
Mérida 921,771
73%
Mexicali 854,186
73%
San Luis Potosí 845,941
73%
Veracruz 537,963
73%
Acapulco 658,609
64%
Aguascalientes 863,893
64%
Cabo San Lucas 202,694
64%
Ecatepec de Morelos 1,643,623
64%
Hermosillo 855,563
64%
San José del Cabo 136,285
64%
Durango 616,068
55%
Nuevo Laredo 416,055
55%
Toluca 223,876
55%
Colima 146,965
45%
Guadalupe 170,029 | 635,862
45%
La Paz 250,141
45%
Morelia 743,275
45%
Querétaro 794,789
45%
Torreón 690,193
45%
Tulum 33,374
45%
Zacatecas 138,444
45%
Zapopan 1,257,547
45%
Ciudad Obregón 329,404
36%
Culiacán 808,416
36%
Guanajuato 70,068
36%
Los Mochis 298,009
36%
Matamoros 510,739 | 59,762
36%
Mazatlán 441,975
36%
Nogales 261,137
36%
Reynosa 691,557
36%
Saltillo 864,431
36%
Ciudad Acuña 160,225
27%
Ciudad Victoria 332,100
27%
Cozumel 84,519
27%
Cuernavaca 341,029
27%
Guaymas 117,253
27%
Irapuato 452,090
27%
Manzanillo 159,853
27%
Piedras Negras 173,959
27%
Puerto Peñasco 62,301
27%
Puerto Vallarta 224,166
27%
San Luis Río Colorado 176,685
27%
San Miguel de Allende 72,452
27%
Tepic 371,387
27%
Agua Prieta 91,029
18%
Cananea 38,113
18%
Celaya 378,143
18%
Chilpancingo de los Bravo 225,728
18%
Ciudad Madero 205,933
18%
Ensenada 330,652
18%
Fresnillo 143,281
18%
Gómez Palacio 301,742
18%
Guasave 77,849
18%
Ixtapa 39,083
18%
Loreto 26,287
18%
Matehuala 86,686
18%
Monclova 237,169
18%
Naucalpan de Juárez 911,168
18%
Navojoa 120,926
18%
Oaxaca de Juárez 258,913
18%
Playa del Carmen 304,942
18%
Río Bravo 111,314
18%
Río Grande 35,050
18%
Rosarito 100,660
18%
San Cristóbal de las Casas 183,509
18%
San Nicolás de los Garza 412,199
18%
San Pedro Garza García 132,128
18%
Santiago 43,019
18%
Sombrerete 25,068
18%
Tampico 297,373
18%
Tecate 81,059
18%
Tequila 31,115
18%
Tlaquepaque 650,123
18%
Tonalá 38,087 | 442,440
18%
Tuxtla Gutiérrez 578,830
18%
Valladolid 56,494
18%
Villahermosa 340,060
18%
Zihuatanejo 70,760
18%
Álamo 26,236
9%
Altamira 79,824
9%
Campeche 249,623
9%
Champotón 35,799
9%
Chetumal 169,028
9%
Chiapa de Corzo 55,931
9%
Chimalhuacán 703,215
9%
Ciudad del Carmen 191,238
9%
Ciudad Fernández 36,275
9%
Ciudad Mante 79,515
9%
Ciudad Valles 136,351
9%
Coatzacoalcos 212,540
9%
Comitán de Domínguez 113,479
9%
Cuautitlán 117,995
9%
Delicias 128,548
9%
El Salto 26,678 | 27,876
9%
Escárcega 31,375
9%
García 234,698
9%
Guamúchil 65,215
9%
Heroica Caborca 67,604
9%
Isla 25,608
9%
Jerez de García Salinas 46,132
9%
Jiménez 35,087
9%
Kanasín 139,753
9%
Lagos de Moreno 111,569
9%
Magdalena de Kino 30,429
9%
Metepec 30,203
9%
Minatitlán 149,162
9%
Miramar 161,820
9%
Nezahualcóyotl 1,072,676
9%
Orizaba 120,500
9%
Palenque 51,797
9%
Pánuco 41,588
9%
Parras de la Fuente 34,798
9%
Pátzcuaro 60,811
9%
Progreso 41,965
9%
Ramos Arizpe 114,010
9%
Rioverde 58,158
9%
San Juan de los Lagos 53,539
9%
San Juan del Río 177,719
9%
San Luis de la Paz 51,894
9%
Silao 83,352
9%
Soledad de Graciano Sánchez 310,192
9%
Tapachula de Córdova y Ordóñez 217,550
9%
Tepotzotlán 40,279
9%
Ticul 35,183
9%
Tizimín 52,593
9%
Tlajomulco de Zúñiga 44,103
9%
Tlalnepantla 658,907
9%
Tuxpan 30,471
9%
Xalisco 48,170
9%
Abasolo 29,002
0%
Acámbaro 56,597
0%
Acatzingo de Hidalgo 31,599
0%
Acayucan 48,567
0%
Actopan 32,276
0%
Agua Dulce 33,986
0%
Ajalpan 31,695
0%
Allende 28,843
0%
Ameca 37,871
0%
Amecameca de Juárez 33,716
0%
Amozoc de Mota 95,322
0%
Apan 28,792
0%
Apaseo el Alto 28,260
0%
Apaseo el Grande 31,264
0%
Apatzingán de la Constitución 102,362
0%
Apizaco 47,632
0%
Arandas 59,648
0%
Arboledas de San Roque 47,155
0%
Arriaga 25,366
0%
Atlixco 89,314
0%
Atotonilco el Alto 28,678
0%
Autlán de Navarro 52,019
0%
Berriozábal 36,084
0%
Buenavista 216,776
0%
Buena Vista 29,920
0%
Cadereyta Jiménez 75,721
0%
Calpulalpan 37,704
0%
Camargo 42,019
0%
Cárdenas 80,454
0%
Castaños 27,314
0%
Catemaco 28,655
0%
Chalco de Díaz Covarrubias 174,704
0%
Chiautempan 53,373
0%
Chicoloapan de Juárez 193,532
0%
Chiconcuac de Juárez 25,868
0%
Chilapa de Álvarez 33,783
0%
Cholula de Rivadavia 102,260
0%
Ciénega de Flores 30,217
0%
Cintalapa de Figueroa 49,201
0%
Ciudad Altamirano 25,850
0%
Ciudad Apodaca 536,436
0%
Ciudad Benito Juárez 308,285
0%
Ciudad Constitución 43,805
0%
Cîudad de Sahagún 31,737
0%
Ciudad Guzmán 111,975
0%
Ciudad Hidalgo 71,528
0%
Ciudad Ixtepec 26,015
0%
Ciudad López Mateos 523,065
0%
Ciudad Melchor Múzquiz 38,992
0%
Ciudad Mendoza 34,847
0%
Ciudad Nicolás Romero 323,545
0%
Ciudad Sabinas Hidalgo 33,522
0%
Ciudad Santa Catarina 304,052
0%
Ciudad Serdán 25,468
0%
Coatepec 55,720
0%
Coatzintla 34,039
0%
Colinas del Aeropuerto 33,108
0%
Colonia Santa Teresa 56,460
0%
Comalcalco 43,035
0%
Contla 30,417
0%
Córdoba 139,075
0%
Cortazar 69,371
0%
Cosamaloapan de Carpio 29,081
0%
Costa Rica 28,239
0%
Coyotepec 37,442
0%
Coyula 64,886
0%
Crespa Floresta 32,307
0%
Cuauhtémoc 135,586
0%
Cuautitlán Izcalli 515,353
0%
Cuautla de Morelos 157,336
0%
Dolores Hidalgo Cuna de la Independencia Nacional 67,101
0%
El Jaral 30,843
0%
El Pueblito 115,264
0%
Emiliano Zapata 27,295 | 64,084
0%
Empalme 38,886
0%
Encarnación de Díaz 27,833
0%
Escuinapa de Hidalgo 33,924
0%
Esperanza 39,164
0%
Felipe Carrillo Puerto 30,754
0%
Fraccionamiento Puente Moreno 34,913
0%
Fraccionamiento Real Palmas 40,259
0%
Francisco I. Madero 32,704
0%
Frontera 75,242
0%
Fuentes del Valle 82,274
0%
Gabriel Leyva Solano 25,157
0%
General Escobedo 454,967
0%
Hacienda Santa Fe 139,174
0%
Haciendas de Tizayuca 26,122
0%
Hidalgo del Parral 113,843
0%
Huajuapan de León 56,163
0%
Huamantla 59,871
0%
Huatabampo 30,324
0%
Huatusco de Chicuellar 33,402
0%
Huauchinango 58,957
0%
Huejotzingo 29,613
0%
Huejutla de Reyes 44,311
0%
Huimanguillo 27,182
0%
Huixtla 32,109
0%
Hunucmá 28,412
0%
Iguala de la Independencia 132,854
0%
Ixmiquilpan 37,608
0%
Ixtaczoquitlán 30,131
0%
Ixtapaluca 368,585
0%
Ixtlán del Río 25,477
0%
Izúcar de Matamoros 49,578
0%
Jacona de Plancarte 61,510
0%
Jáltipan de Morelos 31,856
0%
Jardines de la Silla 75,426
0%
Jesús del Monte 30,396
0%
Jesús María 63,805
0%
Jiutepec 174,629
0%
Juchitán de Zaragoza 88,280
0%
Juriquilla 39,244
0%
Juventino Rosas 43,998
0%
La Barca 38,780
0%
La Magdalena Atlicpac 31,275
0%
La Orilla 27,291
0%
La Piedad de Cabadas 87,042
0%
Las Choapas 46,909
0%
Las Guacamayas 39,613
0%
Las Pintas 42,576
0%
Las Pintitas 29,445
0%
Lázaro Cárdenas 83,637
0%
Lerdo 96,243
0%
Lerma de Villada 33,166
0%
Licenciado Benito Juárez 33,496
0%
Linares 70,378
0%
Loma Bonita 31,469
0%
Lomas del Sur 37,146
0%
Los Héroes Chalco 34,277
0%
Los Pilares 25,995
0%
Los Reyes Acaquilpan 84,298
0%
Los Reyes de Salgado 49,940
0%
Macuspana 31,435
0%
Maravatío de Ocampo 39,425
0%
Marfil 33,184
0%
Martínez de la Torre 64,692
0%
Melchor Ocampo 44,731
0%
Miahuatlán de Porfirio Díaz 29,130
0%
Miguel Alemán 39,474
0%
Misantla 30,232
0%
Mixquiahuala de Juárez 27,713
0%
Montemorelos 54,467
0%
Moroleón 41,910
0%
Motozintla de Mendoza 27,815
0%
Motul de Carrillo Puerto 26,081
0%
Nanchital de Lázaro Cárdenas del Río 28,076
0%
Nava 26,963
0%
Navolato 30,796
0%
Nueva Italia de Ruiz 32,328
0%
Nueva Rosita 39,058
0%
Nuevo Casas Grandes 62,038
0%
Ocosingo 47,688
0%
Ocotlán 94,978
0%
Ocoyoacac 29,068
0%
Ocozocoautla de Espinosa 43,247
0%
Ojo de Agua 386,290
0%
Ometepec 27,607
0%
Oxkutzcab 26,175
0%
Pabellón de Arteaga 32,035
0%
Pachuca de Soto 297,848
0%
Papalotla 28,657
0%
Papantla de Olarte 55,452
0%
Paraíso 25,555
0%
Parque Industrial Ciudad Mitras 41,487
0%
Pénjamo 43,249
0%
Perote 42,451
0%
Pesquería 48,069
0%
Pomoca 31,592
0%
Poza Rica de Hidalgo 180,057
0%
Puerto Escondido 29,903
0%
Purísima de Bustos 52,257
0%
Puruándiro 32,333
0%
Real del Sol 30,279
0%
Reforma 29,018
0%
Rincón de Romos 31,963
0%
Río Blanco 41,785
0%
Rodolfo Sánchez Taboada 27,969
0%
Sabinas 59,196
0%
Sahuayo de Morelos 70,042
0%
Salamanca 160,682
0%
Salina Cruz 76,660
0%
Salvatierra 35,401
0%
San Agustín 49,402
0%
San Andrés Cholula 46,996
0%
San Andrés Tuxtla 64,445
0%
San Antonio Tecómitl 27,768
0%
San Bernardino Tlaxcalancingo 99,736
0%
San Buenaventura 26,968 | 49,241
0%
San Cristóbal Huichochitlán 42,320
0%
Sanctorum 35,083
0%
San Felipe 32,831
0%
San Fernando 28,215
0%
San Francisco Acuautla 32,989
0%
San Francisco Coacalco 293,245
0%
San Francisco del Rincón 79,772
0%
San Isidro 41,887
0%
San Jacinto 26,628
0%
San Jerónimo Chicahualco 29,060
0%
San Jerónimo Cuatro Vientos 41,791
0%
San José del Castillo 39,246
0%
San José del Valle 35,486
0%
San José el Alto 29,758
0%
San José Iturbide 27,593
0%
San Juan Bautista Tuxtepec 103,609
0%
San Juan Cuautlancingo 36,620
0%
San Juan Ixtayopan 28,027
0%
San Lorenzo Acopilco 26,042
0%
San Lorenzo Tepaltitlán 35,292
0%
San Luis Mextepec 29,788
0%
San Martín Azcatepec 34,391
0%
San Martín Texmelucan de Labastida 78,264
0%
San Mateo Atenco 88,734
0%
San Miguel Ajusco 37,282
0%
San Miguel el Alto 25,925
0%
San Miguel Topilejo 41,087
0%
San Miguel Zinacantepec 32,738
0%
San Pablo Autopan 47,932
0%
San Pablo de las Salinas 157,998
0%
San Pedro de las Colonias 49,490
0%
San Pedro Mártir 31,677
0%
San Salvador Tizatlalli 70,013
0%
San Sebastián el Grande 28,770
0%
Santa Ana Tlapaltitlán 33,089
0%
Santa Cruz del Valle 30,849
0%
Santa Cruz Xoxocotlán 81,848
0%
Santa Lucía del Camino 45,895
0%
Santa María Atzompa 28,586
0%
Santa María Moyotzingo 29,426
0%
Santa María Totoltepec 31,689
0%
Santiago Papasquiaro 30,063
0%
Santiago Pinotepa Nacional 33,726
0%
Santiago Teyahualco 69,677
0%
Santo Domingo Tehuantepec 45,134
0%
San Vicente 38,666
0%
Sauces 27,628
0%
Sayula 28,145
0%
Tacámbaro de Codallos 30,519
0%
Tala 40,906
0%
Tantoyuca 33,226
0%
Taxco de Alarcón 50,399
0%
Teapa 29,068
0%
Tecamachalco 31,315
0%
Tecomán 88,337
0%
Tehuacán 293,825
0%
Tejupilco de Hidalgo 30,967
0%
Tekax de Álvaro Obregón 28,461
0%
Teloloapan 25,148
0%
Temixco 104,461
0%
Tenosique de Pino Suárez 34,946
0%
Teoloyucan 52,828
0%
Tepatitlán de Morelos 98,842
0%
Tepeaca 29,123
0%
Tepeji de Ocampo 36,618
0%
Tepexpan 120,778
0%
Tequisquiapan 34,955
0%
Tequixquiac 25,697
0%
Tesistán 91,631
0%
Texcoco de Mora 35,491
0%
Teziutlán 62,849
0%
Tierra Blanca 47,035
0%
Tizayuca 60,265
0%
Tlapacoyan 35,893
0%
Tlapa de Comonfort 59,580
0%
Tula de Allende 29,390
0%
Tulancingo de Bravo 106,163
0%
Tultepec 72,525
0%
Tultitlán de Mariano Escobedo 30,929
0%
Túxpam de Rodríguez Cano 89,557
0%
Umán 56,409
0%
Uriangato 52,156
0%
Uruapan del Progreso 299,523
0%
Valente Díaz 36,818
0%
Valle de Lincoln 39,998
0%
Valle de los Molinos 39,327
0%
Valle del Roble 29,183
0%
Valle de Santa María 40,703
0%
Valle de Santiago 72,663
0%
Valle Hermoso 48,172
0%
Víctor Rosales 38,193
0%
Villa de Álvarez 147,496
0%
Villa del Campo 33,360
0%
Villaflores 37,546
0%
Villagrán 28,109
0%
Villas de la Hacienda 28,276
0%
Villas del Poniente 53,461
0%
Villa Vicente Guerrero 70,224
0%
Xalapa-Enríquez 443,063
0%
Xico 384,327
0%
Xicotepec de Juárez 41,455
0%
Yautepec de Zaragoza 44,353
0%
Yurécuaro 26,691
0%
Yuriria 25,845
0%
Zacapu 55,287
0%
Zacatelco 45,587
0%
Zacatlán 39,203
0%
Zacualtipán 29,472
0%
Zamora de Hidalgo 154,546
0%
Zapotiltic 27,260
0%
Zapotlanejo 33,284
0%
Zitácuaro 86,901
0%
Zumpango del Río 27,944
0%
Zumpango de Ocampo 53,362
0%
No matching quizzes found
Score Distribution
Percent of People with Each Score
Percentile by Number Answered
Your Score History
You have not taken this quiz